Länder am Äquator - Statistiken

Allgemein
  • Dieses Quiz wurde 44 mal gespielt
  • Das Durchschnittsergebnis liegt bei 9 aus 11
Antwortstatistiken
Antwort % Korrekt
Demokratische Republik Kongo
95%
Ecuador
95%
Republik Kongo
95%
Brasilien
92%
Indonesien
90%
Kenia
90%
Kolumbien
87%
Gabun
72%
Uganda
72%
Somalia
59%
São Tomé und Príncipe
31%
Keine übereinstimmenden Quizze gefunden
Verteilung der Resultate
Anzahl Personen mit jedem Resultat
Perzentil nach korrekt beantworteten Fragen
Ihre Resultats-Entwicklung
Sie haben dieses Quiz noch nicht gespielt